India-my passion: (Record no. 20136)

MARC details
000 -LEADER
fixed length control field 00815nam a22002177a 4500
008 - FIXED-LENGTH DATA ELEMENTS--GENERAL INFORMATION
fixed length control field 081222t xxu||||| |||| 00| 0 eng d
010 ## - LCCN (DPL NO)
LC control number ENG-92243
020 ## - INTERNATIONAL STANDARD BOOK NUMBER
Terms of availability 50.00
International Standard Book Number 9788190756167
035 ## - SYSTEM CONTROL NUMBER
System control number EN-75776
037 ## - SOURCE OF ACQUISITION
Source of stock number/acquisition DBAD / PUB
040 ## - CATALOGING SOURCE
Original cataloging agency dpl
Language of cataloging English
082 ## - DEWEY DECIMAL CLASSIFICATION NUMBER
Classification number 881.08
100 ## - MAIN ENTRY--PERSONAL NAME
Personal name Jeya Kumari, P.
245 ## - TITLE STATEMENT
Title India-my passion:
Statement of responsibility, etc by P. Jeya Kumari
Remainder of title Nissim Ezekiel
260 ## - PUBLICATION, DISTRIBUTION, ETC. (IMPRINT)
Name of publisher, distributor, etc Thulasi Publications
Date of publication, distribution, etc 2008
Place of publication, distribution, etc Tiruvannamalai
300 ## - PHYSICAL DESCRIPTION
Extent 102p.
Dimensions 25cm (pbk)
500 ## - GENERAL NOTE
General note Includes references
600 ## - SUBJECT ADDED ENTRY--PERSONAL NAME
Personal name Ezekiel, Nissim,1924-2004
General subdivision Criticism and interpretation.
942 ## - ADDED ENTRY ELEMENTS (KOHA)
Source of classification or shelving scheme Dewey Decimal Classification
Item type English Books
Call number suffix JEY
Classification part 881.08
Holdings
Withdrawn status Lost status Source of classification or shelving scheme Damaged status Not for loan Collection code Home library Current library Date acquired Source of acquisition Cost, normal purchase price Total Checkouts Full call number Barcode Date last seen Copy number Cost, replacement price Koha item type
    Dewey Decimal Classification   Not For Loan Non-fiction D.B.Act.Division D.B.Act.Division 01/01/2009 DBAD / PUB 50.00   881.08 JEY EN-75776 22/12/2008 1 50.00 English Books

© Delhi Public Library
Hit Counter
free hit counter